Financovanie malých a stredných podnikov rizikovým kapitálom - ocenenie podniku ako nástroj zvyšovania jeho efektivity dizertačná práca

Salvato in:
Dettagli Bibliografici
Autore principale: Dudáš, Ladislav
Ente Autore: Fakulta podnikového manažmentu EU. Katedra podnikových financií
Altri autori: Fetisovová, Elena
Natura: Libro
Lingua:slovacco
Pubblicazione: Bratislava 2009
Soggetti:
Tags: Aggiungi Tag
Nessun Tag, puoi essere il primo ad aggiungerne!!

MARC

LEADER 00000nam$a2200000$$$4500
001 0107115
005 20240502072201.9
041 0 |a slo 
044 |a SK 
245 1 0 |a Financovanie malých a stredných podnikov rizikovým kapitálom - ocenenie podniku ako nástroj zvyšovania jeho efektivity  |b dizertačná práca  |c Ladislav Dudáš ; škol. Elena Fetisovová 
264 1 |a Bratislava  |c 2009 
300 |a 177 s. 
610 2 0 |a financovanie podnikov 
610 2 0 |a kapitál rizikový 
610 2 0 |a oceňovanie ekonomické 
610 2 0 |a podnik malý 
610 2 0 |a podnik stredný 
100 1 |a Dudáš, Ladislav 
700 1 |a Fetisovová, Elena 
710 2 |a Fakulta podnikového manažmentu EU. Katedra podnikových financií